[Event "Czech Olympiad Nomination 2018"]
[Site "Prague"]
[Date "2018.05.25"]
[Round "1"]
[White "Michalik, Peter"]
[Black "Plat, Vojtech"]
[Result "1/2-1/2"]
[WhiteElo "2560"]
[BlackElo "2556"]
[Annotator "TA"]
[PlyCount "130"]
[EventDate "2018.??.??"]
[EventType "tourn"]
[EventCountry "CZE"]
[SourceTitle "playchess.com"]
[Source "ChessBase"]
[SourceQuality "1"]

{[%evp 25,130,24,29,29,22,22,24,26,27,22,29,15,14,2,47,36,61,51,29,0,42,18,41,47,33,44,49,18,17,0,0,0,0,0,0,-44,0,0,0,0,17,0,0,0,13,14,46,46,46,46,46,46,46,46,46,45,45,45,45,45,45,38,38,43,64,68,82,56,56,56,87,87,87,87,99,89,88,88,91,0,0,0,0,0,0,0,0,0,0,0,0,0,0,0,8,0,8,8,8,8,8,0,0,0,0,0,0]} 1. d4 Nf6 2. c4 g6 3. g3 Bg7 4. Bg2 d5 5. cxd5 Nxd5 6. e4 Nb6 7. Ne2 O-O 8. O-O Nc6 {[%cal Bb8c6,Bc6a5,Ba5c4][%mdl 32]} 9. d5 Na5 10. Qc2 {D72: Grünfeldindisch (Fianchetto, 5.cxd5 Sxd5 6.e4 Nb6)} c6 11. Bd2 Nac4 12. Bc3 cxd5 13. Bxg7 Kxg7 {[#] LiveBook: 3 Partien} 14. b3 $146 ({Vorgänger:} 14. exd5 Bg4 15. b3 Bxe2 16. Qxe2 Nd6 17. a4 a5 {½-½ (51) Ilincic,Z (2545)-Lupulescu,C (2562) Hungary 2008}) 14... Nd6 15. exd5 Bf5 16. Qb2+ Kg8 17. Nbc3 {[%cal Bb1c3,Bc3e2,Be2f4][%mdl 32]} Rc8 18. Rfe1 Nd7 19. Nd4 Nc5 20. Nxf5 Nxf5 21. Rad1 Nd6 22. Ne2 Qb6 23. Qe5 Qa6 24. Nf4 Rc7 25. b4 Na4 26. Bh3 Qb6 27. Rc1 Rxc1 $1 28. Rxc1 Qxb4 29. Rc7 Nc5 30. Rxe7 ({Viel schlechter ist} 30. Qxe7 Nce4 $17) 30... Nde4 (30... Nce4 $5 {[%cal Rb4e1]} 31. Qa1 Re8 $11) 31. Bf1 $1 Qd2 32. Nh3 Qd1 33. Kg2 Qd2 $1 ({Aber nicht} 33... Nd2 $2 34. Be2 $18) 34. Bb5 Nc3 35. Bc4 b5 36. d6 {Droht Matt per Txf7.} bxc4 37. Qxc5 Qd5+ $1 38. Qxd5 Nxd5 39. Rxa7 $14 {[%mdl 4096] Endspiel KTS-KTS} Rd8 40. Ra6 c3 41. Rc6 Nb4 42. Rxc3 {Droht a3 und aus.} Nxa2 43. Rd3 Nb4 44. Rd2 Nc6 45. Ng5 Ne5 46. Ne4 f5 47. Nc5 {d7 ist eine echte Drohung.} Nc4 {[#]} 48. Nb7 $1 {[%cal Rb7d8]} Nxd2 49. Nxd8 $16 {KS-KS} Nc4 50. Nb7 Ne5 {[#]} 51. f4 $1 {[%cal Rf4e5]} Nd7 52. Kf3 ({Besser ist} 52. Kh3 $16) 52... Kf7 $11 {Die Stellung ist ausgeglichen.} 53. Nd8+ Ke8 $1 {[%cal Re8d8]} 54. Ne6 Nf6 55. Nc5 {zielt auf Ke3 ab.} Nd7 56. Nb7 Nf6 57. Ke3 {Schwarz muss nun Sc5 beachten.} Kd7 58. Kd4 Ke6 59. Kc4 Nd7 60. Kd4 Nf6 61. h3 h6 62. Kc4 Nd7 63. Kd4 Nf6 $1 64. Kc5 {Und Kc6 würde nun gewinnen.} Kd7 65. Na5 {Und weiter mit Sc4 wäre nett.} Ne4+ {Precision: Weiß = 62%, Schwarz = 75%.} 1/2-1/2

[Event "Czech Olympiad Nomination 2018"]
[Site "Prague"]
[Date "2018.05.25"]
[Round "1"]
[White "Babula, Vlastimil"]
[Black "Stocek, Jiri"]
[Result "0-1"]
[WhiteElo "2556"]
[BlackElo "2574"]
[Annotator "TA"]
[PlyCount "76"]
[EventDate "2018.??.??"]
[EventType "tourn"]
[EventCountry "CZE"]
[SourceTitle "playchess.com"]
[Source "ChessBase"]
[SourceQuality "1"]

{[%evp 17,76,19,40,0,0,0,31,41,35,39,36,35,29,29,26,31,37,25,36,36,40,22,34,31,50,48,80,0,10,0,0,0,6,-29,-29,-27,0,-38,0,0,0,-20,-22,-67,-97,-162,-174,-207,-208,-185,-181,-399,-399,-645,-643,-5322,-5289,-5247,-5227,-5089,-4133]} 1. d4 Nf6 2. c4 e6 3. Nf3 b6 4. g3 Bb7 5. Bg2 Bb4+ 6. Bd2 a5 7. O-O O-O 8. Bf4 Be7 9. Qc2 {E16: Queen's Indian: 4 g3 Bb7 5 Bg2 Bb4+} d5 {LiveBook: 4 Games} 10. cxd5 $146 ({Predecessor:} 10. Ne5 Qc8 11. Nc3 dxc4 12. e4 Nc6 13. Nxc6 Bxc6 14. Qe2 Bb4 15. Bg5 Ne8 16. Qxc4 Bb7 {½-½ (76) Vitiugov,N (2728)-Rapport,R (2686) Heraklio 2017}) 10... Nxd5 11. Nc3 {The position is equal.} Na6 12. Nxd5 exd5 13. Rac1 {[%cal Rf4c7]} c5 14. dxc5 Nxc5 15. Rfd1 Rc8 16. Be5 Qd7 17. Bd4 Rfd8 18. Qd2 h6 19. h4 Bd6 20. Ne5 Qe6 21. Nd3 Re8 {[#]} 22. Bxc5 (22. Nxc5 $1 $16 Bxc5 23. e3) 22... bxc5 $11 23. Bf3 Qe7 24. b3 {[#]} a4 $1 {[%mdl 512]} 25. Nb2 (25. bxa4 Red8) 25... axb3 26. axb3 Red8 27. e3 Qe8 28. Na4 Rc7 29. Bg2 ({Much weaker is} 29. Bxd5 Bxg3 30. e4 (30. Bxf7+ $2 Kxf7 31. Qxd8 Qe4 $19) 30... Bd6 $17) 29... c4 30. Nc3 cxb3 31. Qb2 {[#]} (31. Rb1 $17) 31... d4 $1 $36 {[%mdl 2560] Black is on the roll.} 32. exd4 (32. Rxd4 Be5) 32... Bxg2 33. Kxg2 Rb8 34. f3 $2 (34. Re1 {was called for.} Qf8 35. Rb1) 34... Qc8 35. Ne4 $2 (35. Ne2 Rc2 36. Rd2 Rxc1 37. Nxc1) 35... Rc2+ {Black is clearly winning.} 36. Rd2 {[%cal Rd2c2]} Rxb2 37. Rxc8+ Rxc8 38. Rxb2 Rc2+ {Precision: White = 30%, Black = 67%.} 0-1

[Event "Czech Olympiad Nomination 2018"]
[Site "Prague"]
[Date "2018.05.25"]
[Round "1"]
[White "Nguyen, Thai Dai Van"]
[Black "Krejci, Jan"]
[Result "1/2-1/2"]
[WhiteElo "2549"]
[BlackElo "2582"]
[Annotator "TA"]
[PlyCount "56"]
[EventDate "2018.??.??"]
[EventType "tourn"]
[EventCountry "CZE"]
[SourceTitle "playchess.com"]
[Source "ChessBase"]
[SourceQuality "1"]

{[%evp 20,56,21,17,18,19,18,0,0,0,0,0,0,0,0,0,0,0,0,0,0,0,0,0,0,0,0,0,0,0,0,0,0,0,0,0,0,0,0]} 1. e4 c6 2. d4 d5 3. Nc3 dxe4 4. Nxe4 Nf6 5. Nxf6+ exf6 6. c3 Bf5 7. Bd3 {B15: Caro-Kann (Flohr-Variante)} Bxd3 8. Qxd3 Bd6 9. Qe2+ (9. Qe3+ Qe7 10. Nf3 Nd7 11. Qxe7+ Kxe7 12. Be3 Nb6 13. O-O-O Kd7 14. Rhe1 Nd5 {½-½ (50) Wei,Y (2707)-Rapport,R (2717) Yancheng 2016}) 9... Qe7 10. Qxe7+ Kxe7 11. Ne2 {LiveBook: 4 Partien. Die Stellung ist ausgeglichen.} Na6 12. Bf4 Rhe8 13. O-O-O $146 ({Vorgänger:} 13. Kd2 Kd7 14. Bxd6 Kxd6 {1-0 (65) Pap,M (2493)-Irizanin,R (2348) Kragujevac 2017}) 13... Kd7 14. Bxd6 Rxe2 15. Bg3 Rae8 16. Rd2 Re1+ 17. Rxe1 Rxe1+ $11 {[%mdl 4096] Endspiel KTL-KTS} 18. Rd1 Re2 19. Rd2 Re1+ 20. Kc2 Nc7 21. f3 Rg1 22. c4 f5 23. Bf4 a6 24. Be3 Re1 25. Bf2 Rf1 26. Be3 Re1 27. Bf2 Rf1 28. Be3 Re1 {Precision: Weiß = 85%, Schwarz = 97%.} 1/2-1/2

[Event "Czech Olympiad Nomination 2018"]
[Site "Prague"]
[Date "2018.05.27"]
[Round "3"]
[White "Stocek, Jiri"]
[Black "Krejci, Jan"]
[Result "1-0"]
[WhiteElo "2574"]
[BlackElo "2582"]
[Annotator "TA"]
[PlyCount "91"]
[EventDate "2018.??.??"]
[EventType "tourn"]
[EventCountry "CZE"]
[SourceTitle "playchess.com"]
[Source "ChessBase"]
[SourceQuality "1"]

{[%evp 9,91,13,22,16,57,52,49,49,49,45,54,49,56,19,22,1,14,4,13,4,23,0,18,10,16,0,31,19,14,9,27,37,92,62,62,42,62,58,260,256,260,262,248,243,322,304,281,238,242,240,248,235,326,273,280,227,230,226,223,187,258,242,264,263,330,324,342,332,312,294,321,289,402,340,568,522,519,520,536,529,544,541,601,587]} 1. d4 Nf6 2. c4 e6 3. Nf3 d5 4. Bg5 Nbd7 5. e3 h6 6. Bh4 {D30: Queen's Gambit Declined: Systems without Nc3} g5 7. Bg3 Ne4 8. Nc3 {White is slightly better.} Nxg3 9. hxg3 c6 10. Qc2 Bg7 11. Rd1 (11. O-O-O Qe7 12. cxd5 cxd5 13. e4 dxe4 14. Qxe4 a6 15. Ne5 {½-½ (24) Wojtaszek,R (2746)-Fressinet,L (2676) Germany 2017}) 11... O-O 12. a3 $146 ({Predecessor:} 12. Bd3 f5 13. Qe2 g4 14. Ng1 {0-1 (108) Stanoev,A (2198)-Sriram,J (2429) Pontevedra 2008}) 12... Qe7 13. Be2 b6 14. cxd5 cxd5 15. Na2 (15. g4 {seems wilder.} Bb7 16. Bd3 Rfd8 17. Ne2 Rac8 18. Qb1) 15... Rb8 (15... a6 {keeps more tension.} 16. Qc7 Rb8 17. Ne5 Bxe5 18. dxe5 Kg7) 16. Qa4 $40 {[%mdl 128] Black needs to defend precisely.} a5 17. Nc3 Rd8 18. O-O Bb7 19. Bb5 Rbc8 20. Rc1 f6 (20... Nf6 $14) 21. Qd1 Nf8 22. Qe2 e5 23. Ba6 {[%cal Bb5a6,Ba6c8,Bc8f5,Bf5d3][%mdl 32]} Ne6 $2 {[#]} (23... Qd7 $14) 24. Nxd5 $1 $18 {[%mdl 512]} Rxd5 (24... Bxd5 25. Rxc8) 25. Rxc8+ Bxc8 26. Bxc8 Nc7 27. Qc4 b5 28. Qa2 Kh8 29. Rc1 Rd8 30. Bf5 Bf8 31. Qb1 Ne8 32. Bd3 Nd6 {and if ...e4 works, Black does fine.} 33. dxe5 fxe5 34. Nd2 e4 (34... Qf7 {is a better defense.} 35. b4 axb4) 35. Bxe4 Nxe4 36. Nxe4 Bg7 37. b4 a4 38. Nc5 Qf6 {and the idea ...Qb2 leaves Black hopeful.} 39. Rd1 Rf8 40. Qc2 Qf7 41. Rd2 ({Resist} 41. Rd7 Qf6 $18) 41... h5 $2 (41... Qf5 {was necessary.} 42. e4 Qg6) 42. Qd3 {White is clearly winning.} h4 43. gxh4 gxh4 44. Qxb5 Bc3 45. Rc2 Rg8 {[#] And now ...Qg6 would win.} 46. Qc6 {Precision: White = 68%, Black = 46%.} ({Worse is} 46. Rxc3 Qf3 $11) 1-0

[Event "Czech Olympiad Nomination 2018"]
[Site "Prague"]
[Date "2018.05.27"]
[Round "3"]
[White "Babula, Vlastimil"]
[Black "Michalik, Peter"]
[Result "0-1"]
[WhiteElo "2556"]
[BlackElo "2560"]
[Annotator "TA"]
[PlyCount "58"]
[EventDate "2018.??.??"]
[EventType "tourn"]
[EventCountry "CZE"]
[SourceTitle "playchess.com"]
[Source "ChessBase"]
[SourceQuality "1"]

{[%evp 22,58,6,9,7,-2,0,0,0,0,0,-17,-6,-21,-27,-28,-29,-20,-28,-115,-123,-127,-120,-140,-102,-341,-338,-382,-382,-382,-385,-384,-376,-356,-342,-388,-341,-373,-379]} 1. d4 Nf6 2. c4 e6 3. Nf3 d5 4. Nc3 dxc4 5. e3 a6 6. Bxc4 b5 7. Bb3 Bb7 8. O-O c5 9. e4 {D27: Angenommenes Damengambit (Hauptvariante 7.e4, 7.a4)} cxd4 10. Nxd4 Nbd7 11. Re1 Ne5 (11... Nc5 12. Bd5 Rc8 13. Bg5 Be7 14. Bxb7 Nxb7 15. e5 Nd5 16. Bxe7 {½-½ (16) Berkes,F (2648)-Tarlev,K (2592) Rasht 2017}) 12. Bf4 {LiveBook: 4 Partien} Bd6 13. Nf3 $146 ({Vorgänger:} 13. Nf5 exf5 14. exf5 O-O 15. Bxe5 Bxe5 16. Rxe5 Qc7 17. Re3 Rae8 18. Qd2 Rxe3 19. Qxe3 Re8 20. Qg3 Qc5 21. Rf1 {½-½ (21) Tatarska,V (2122)-Volodarsky,Y (2360) ICCF email 2017}) 13... Qb8 14. Nxe5 Bxe5 15. Bxe5 Qxe5 16. Bd5 Rb8 17. Qf3 b4 18. Bxb7 {[#] Droht Lc6+ und aus.} bxc3 19. Bc6+ Ke7 {Und weiter mit ...Thc8 wäre nett.} 20. bxc3 (20. Qxc3 $11 Qxc3 21. bxc3) 20... Rhc8 $17 {[%cal Bh8c8,Bc8c3,Bc3a3][%mdl 32]} 21. Ba4 Rxc3 22. Qe2 Ra3 $36 {[%mdl 2048] Schwarz ist am Drücker.} 23. Qxa6 $2 (23. Bc2 $17) 23... Qd4 $19 24. e5 {[#]} Ne8 $1 ({Weniger gut wäre} 24... Rxa4 25. exf6+ gxf6 26. Qf1 $15) 25. Qc6 Rxa4 26. Rad1 Rc4 {Droht stark ...Dxd1.} 27. Qf3 Qa7 28. Qd3 Rf4 29. Qd2 Ra4 {Precision: Weiß = 17%, Schwarz = 88%.} 0-1

[Event "Czech Olympiad Nomination 2018"]
[Site "Prague"]
[Date "2018.05.27"]
[Round "3"]
[White "Nguyen, Thai Dai Van"]
[Black "Plat, Vojtech"]
[Result "1/2-1/2"]
[WhiteElo "2549"]
[BlackElo "2556"]
[Annotator "TA"]
[PlyCount "90"]
[EventDate "2018.??.??"]
[EventType "tourn"]
[EventCountry "CZE"]
[SourceTitle "playchess.com"]
[Source "ChessBase"]
[SourceQuality "1"]

{[%evp 23,90,43,45,47,40,36,54,35,56,52,45,52,56,57,57,56,57,59,70,67,67,68,77,77,77,72,76,79,77,80,75,54,84,81,80,0,67,62,56,49,49,52,52,50,111,0,52,0,114,33,50,46,75,0,0,0,60,57,77,7,12,0,0,0,0,0,0,0,0]} 1. e4 d6 2. d4 Nf6 3. Nc3 e5 4. Nf3 Nbd7 5. Bc4 Be7 6. O-O O-O 7. a4 a5 8. Re1 c6 9. h3 Nb6 {C41: Philidor Defence} (9... Re8 10. Ba2 Bf8 11. Be3 Qc7 12. Ng5 Re7 13. f4 b6 14. fxe5 dxe5 15. d5 cxd5 16. exd5 {1-0 (16) Wang,H (2709)-Ivanchuk,V (2726) Huaian 2017}) 10. Bb3 Nfd7 {[%cal Bf6d7,Bd7c5,Bc5e4,Be4c3][%mdl 32]} 11. Be3 exd4 12. Nxd4 Nc5 {LiveBook: 31 Games} 13. Qe2 Bf6 14. Rad1 $146 {Hoping for Nxc6!} ({Predecessor:} 14. Red1 Nxb3 15. Nxb3 Be6 16. Nd4 Re8 17. Nxe6 Rxe6 {1-0 (38) Zhu,H (2304)-Forget,L (1969) Montreal 2016}) 14... Qe7 15. f4 Nxe4 {[#]} 16. Nxc6 $1 {[%mdl 512]} bxc6 17. Bxb6 Nxc3 18. Qxe7 Bxe7 19. bxc3 Bh4 20. Bf2 Bxf2+ 21. Kxf2 d5 22. c4 dxc4 23. Bxc4 Rb8 24. Rb1 Bf5 25. Rxb8 Rxb8 $16 {[%mdl 4096] Endgame [#] KRB-KRB} 26. Bb3 $1 Be6 27. Re3 Kf8 28. Bxe6 fxe6 {KR-KR} 29. Rb3 (29. Re5 $16) 29... Rd8 (29... Rxb3 $11 30. cxb3 Ke7) 30. Ke3 $14 Rd1 31. Rb8+ Ke7 32. Ra8 Rc1 33. Kd3 Rf1 (33... Rg1 $14) 34. Ke3 (34. Rxa5 $16 Rxf4 35. Ra7+ Kd6 36. Rxg7) 34... Rc1 $1 35. Kd3 (35. Kd2 $14 Rg1 36. g4) 35... Rf1 $16 36. Ke4 ({Better is} 36. Rxa5 $16 Rxf4 37. Ra7+ Kd6 38. Rxg7) 36... Re1+ 37. Kd4 Rf1 38. Ke5 {Strongly threatening Ra7+.} Re1+ 39. Kd4 Rf1 $1 40. g3 Rf3 {[#]} 41. Rxa5 ({White should play} 41. Ra7+ $1 $16 Kf6 42. Rxa5) 41... Rxg3 $11 {The position is equal.} 42. Rg5 Rxh3 43. Rxg7+ Kd6 44. a5 Rf3 45. Ke4 Ra3 {Precision: White = 59%, Black = 64%.} 1/2-1/2

[Event "Czech Olympiad Nomination 2018"]
[Site "Prague"]
[Date "2018.05.28"]
[Round "4"]
[White "Michalik, Peter"]
[Black "Stocek, Jiri"]
[Result "1/2-1/2"]
[WhiteElo "2560"]
[BlackElo "2574"]
[Annotator "TA"]
[PlyCount "132"]
[EventDate "2018.??.??"]
[EventType "tourn"]
[EventCountry "CZE"]
[SourceTitle "playchess.com"]
[Source "ChessBase"]
[SourceQuality "1"]

{[%evp 16,132,38,18,21,4,18,10,43,40,50,23,58,54,49,50,43,49,52,41,67,51,41,50,66,57,49,51,72,88,93,93,93,93,94,93,98,90,93,89,92,85,87,87,87,79,79,81,78,70,77,68,68,53,71,68,79,68,71,68,68,54,54,0,72,52,68,38,89,89,89,89,131,131,131,131,131,109,109,102,102,102,124,124,124,102,102,102,116,116,117,102,141,141,142,120,120,120,109,110,110,102,102,8,8,8,8,8,8,8,8,8,8,0,0,0,0,0,0]} 1. d4 Nf6 2. Nf3 e6 3. c4 Bb4+ 4. Bd2 c5 5. Bxb4 cxb4 6. a3 bxa3 7. Nxa3 O-O {E11: Bogo-Indian} 8. e3 b6 (8... Nc6 9. Be2 b6 10. Nc2 Bb7 11. b4 a5 12. bxa5 Nxa5 13. Na3 Ne4 14. Nb5 Ng5 15. Nd6 Nxf3+ 16. gxf3 {½-½ (41) Postny,E (2569)-Najer,E (2699) Antalya 2017}) 9. Be2 {LiveBook: 3 Games} Bb7 10. b4 $146 ({Predecessor:} 10. O-O a5 11. Rc1 Na6 12. Nd2 Qe7 13. Bf3 Bxf3 14. Nxf3 Rfc8 15. Ne5 {0-1 (54) Kierzek,M (2252)-Torre,E (2465) Acqui Terme 2017}) 10... Qe7 11. Qb3 d6 12. O-O a6 13. Nb1 Nbd7 14. Nc3 Ne4 15. Nxe4 Bxe4 16. Nd2 Bb7 17. Ra3 e5 18. Qb2 exd4 19. Qxd4 Rfd8 20. Bf3 Ne5 21. Bd5 Rab8 22. Rfa1 b5 23. Bxb7 Qxb7 24. Rxa6 bxc4 25. Rxd6 Nc6 26. Rxd8+ Rxd8 27. Qc3 Rd3 28. Qc1 g6 29. Nxc4 Qxb4 {Strongly threatening ...Rc3.} 30. Nb2 Rc3 31. Qd2 $1 Ra3 32. Rd1 Ra2 33. Qxb4 Nxb4 $16 {[%mdl 4096] Endgame KRN-KRN} 34. Rb1 Nd5 35. Nd3 Nc3 36. Rb8+ Kg7 {( -> ...Ra1+)} 37. h4 Rd2 38. Nc5 Rc2 39. Nd3 Rd2 40. Ne5 {And now Rb7 would win.} Rd5 41. f4 (41. Nc4 {with more complications.} Ne4 42. f3 Rd1+ 43. Kh2 Nd2 44. Nxd2 Rxd2 45. e4) 41... Rb5 (41... f5 $14) 42. Rxb5 Nxb5 {KN-KN} 43. g4 {[%cal Bg2g4,Bg4g5][%mdl 32]} Kf6 44. Kf2 Ke6 45. Nf3 Ke7 46. g5 Nd6 47. Nd2 Kf8 48. e4 Kg7 49. Ke3 h6 50. Nf3 hxg5 51. hxg5 Nb7 52. Kd4 Nd8 53. Ne1 f6 54. Kd5 Kf7 55. Nd3 {Black must now prevent gxf6.} Ne6 {[#]} 56. Kd6 $1 Nd4 57. gxf6 Kxf6 58. Nf2 Nf5+ {[#]} 59. Kd7 ({Of course not} 59. exf5 $6 Kxf5 60. Nh3 Kg4 $11) (59. Kd5 $1 $16 {Threatens to win with Ng4+.} Ne3+ 60. Kd4 Nf5+ 61. Kd3 (61. exf5 Kxf5 62. Nh3 Kg4 $11)) 59... g5 $1 $11 {The position is equal.} 60. e5+ Kg6 61. fxg5 {Nh3 is the strong threat.} Ng7 62. Ke7 {aiming for Nh3.} (62. Nh3 {looks sharper.} Kf5 63. Ke7 Kxe5 64. Kf7 Nf5 65. Nf2) 62... Kxg5 63. Nd3 Kf5 64. Kd7 Ke4 65. e6 Nxe6 66. Kxe6 Kxd3 {Precision: White = 60%, Black = 69%.} 1/2-1/2

[Event "Czech Olympiad Nomination 2018"]
[Site "Prague"]
[Date "2018.05.28"]
[Round "4"]
[White "Plat, Vojtech"]
[Black "Krejci, Jan"]
[Result "1/2-1/2"]
[WhiteElo "2556"]
[BlackElo "2582"]
[Annotator "TA"]
[PlyCount "85"]
[EventDate "2018.??.??"]
[EventType "tourn"]
[EventCountry "CZE"]
[SourceTitle "playchess.com"]
[Source "ChessBase"]
[SourceQuality "1"]

{[%evp 15,85,0,-18,-71,-13,-41,-43,-68,-43,-37,-38,-46,-38,-37,-37,-53,-48,-39,-33,-60,-84,-74,-64,-95,-28,-75,-77,-111,-85,-116,-116,-102,-111,-115,-116,-118,-111,-122,-116,-129,-59,-58,-50,-61,-63,-54,-53,-56,-49,-96,-69,-64,-53,-58,-53,-54,-48,-58,-45,-45,-35,-41,-9,-27,-23,-28,-28,-39,-39,-39,-33,-34]} 1. b3 e5 2. Bb2 Nc6 3. e3 Nf6 4. Bb5 Bd6 5. Na3 Na5 (5... a6 6. Be2 Be7 7. Nc4 e4 8. d4 d5 9. Ne5 O-O 10. Nxc6 bxc6 11. c4 a5 12. Qc2 Bb4+ 13. Bc3 {1-0 (34) Vachier Lagrave,M (2796)-Anand,V (2786) Stavanger 2017}) 6. Be2 {A01: Larsen-Eröffnung} a6 7. c4 O-O 8. Nc2 Re8 {LiveBook: 13 Partien} 9. g4 {[#]} (9. Nh3 $11 {bleibt in der Remisbreite.}) 9... Bf8 (9... b5 $1 $17 {[%mdl 512] und nun wäre ...bxc4 stark für Schwarz.} 10. f3 (10. cxb5 Bb7) 10... bxc4 11. bxc4 c5) 10. g5 {Und d3 würde nun gewinnen.} (10. d3 $5 {[%cal Rg4g5]} d6 11. g5 $11) 10... Ne4 11. h4 Nc6 12. d3 Nc5 13. Bf3 d6 $146 14. Ne2 Bf5 15. e4 Bd7 16. Qd2 b5 17. cxb5 axb5 18. Nc3 Ne7 19. h5 {[%cal Bh4h5,Bh5h6][%mdl 32]} Bc6 (19... Ne6 $17 20. Rg1 c5) 20. h6 Ng6 21. Nb4 Bd7 22. Bh5 Ne6 23. Nbd5 c6 ({Minderwertig wäre} 23... Qxg5 24. Qxg5 Nxg5 25. hxg7 $16 (25. Nxc7 Nf4 $16)) 24. hxg7 Bxg7 25. Nf6+ Bxf6 26. gxf6 Qxf6 27. Ne2 Nef4 (27... Ngf4 $17 28. a3 Kh8) 28. Bxg6 $1 $15 fxg6 29. Nxf4 Qxf4 30. Qxf4 exf4 {[%cal Be5f4,Bf4f3][%mdl 32]} 31. Ke2 h5 32. a3 Kh7 33. Bf6 f3+ 34. Ke3 c5 35. Rhc1 Kh6 36. Rg1 Ra6 37. Bg5+ Kg7 38. Kxf3 Be6 39. b4 Rea8 {Droht ...cxb4 und aus.} 40. Bc1 cxb4 41. axb4 Rxa1 42. Bb2+ Kf7 43. Rxa1 {Precision: Weiß = 49%, Schwarz = 59%.} 1/2-1/2

[Event "Czech Olympiad Nomination 2018"]
[Site "Prague"]
[Date "2018.05.28"]
[Round "4"]
[White "Nguyen, Thai Dai Van"]
[Black "Babula, Vlastimil"]
[Result "1/2-1/2"]
[WhiteElo "2549"]
[BlackElo "2556"]
[Annotator "TA"]
[PlyCount "131"]
[EventDate "2018.??.??"]
[EventType "tourn"]
[EventCountry "CZE"]
[SourceTitle "playchess.com"]
[Source "ChessBase"]
[SourceQuality "1"]

{[%evp 21,131,28,22,17,45,37,29,33,33,0,4,6,28,0,13,0,0,0,38,-55,35,33,108,81,182,16,10,4,0,0,49,18,62,47,65,-103,-103,-100,-101,-104,-99,-100,27,14,19,0,0,0,0,0,0,0,0,0,0,0,0,0,0,0,0,0,0,0,36,6,15,0,44,8,8,8,8,8,8,11,8,6,6,6,6,6,8,8,10,0,0,0,0,0,0,0,5,0,0,0,7,0,0,0,0,0,0,0,0,0,0,0,0,0,0,0]} 1. e4 c5 2. Nf3 e6 3. d4 cxd4 4. Nxd4 Nc6 {[%cal Bb8c6,Bc6e5,Be5g4][%mdl 32]} 5. Nc3 Qc7 6. Be3 a6 7. Qf3 {B48: Sicilian: Taimanov: 5 Nc3 Qc7 6 Be3 a6 without Be2} Nf6 8. O-O-O Ne5 9. Qg3 b5 10. f4 Neg4 11. Bg1 b4 {LiveBook: 24 Games} 12. Na4 {Strongly threatening e5.} h5 13. e5 Nd5 {[#]} 14. h3 $146 ({Predecessor:} 14. Bd3 Bb7 {½-½ (59) Oparin,G (2607)-Matlakov,M (2709) Moscow 2018}) 14... Nh6 15. Bd3 g6 16. Be4 {Threatening Bxd5.} Bb7 17. Qf3 Rc8 18. Kb1 Nf5 19. Bf2 Qa5 20. Nxf5 (20. b3 $1 $14) 20... Qxa4 (20... gxf5 $15 21. Bxd5 Bxd5 22. Rxd5 Qxd5 23. Qxd5 exd5) 21. Nd4 $14 Bh6 ({Black should try} 21... Rc3 $14 22. Rd3 Rc8) 22. Nb3 $16 O-O (22... Qb5 $16) 23. Bxd5 $2 (23. Nc5 Qb5 $16) (23. Bc5 $18) 23... Bxd5 $11 24. Rxd5 exd5 25. g4 Rc4 26. f5 Qc6 27. Nd4 Qc7 28. Qxd5 $2 {[#]} (28. Re1 $1 $14 {stays ahead.}) 28... Rc5 $1 $17 {[%cal Rc5d5]} 29. Qb3 Rxe5 30. fxg6 Qb7 31. Rg1 {[#] And now gxf7+ would win.} hxg4 ({Better is} 31... Qd5 $1 $17 32. Nf5 Qxb3 33. axb3 (33. Nxh6+ Kg7 $15) 33... Bg5) 32. hxg4 $11 Qd5 33. Qh3 fxg6 34. Qxh6 Rxf2 35. Qxg6+ Kf8 36. Nf5 {Black must now prevent Qf6+.} Qe6 $1 37. Qg7+ Ke8 38. Qh8+ Kf7 39. Qh7+ Kf8 40. Qg7+ Ke8 41. Qh8+ Kf7 {( -> ...Re1+)} 42. Rc1 a5 (42... Re1 $5 {[%cal Re1c1]} 43. Qh7+ Kf8 44. Qh8+ Kf7 45. Qg7+ Ke8 46. Nd6+ (46. Qh8+ Kf7 $11) 46... Kd8 47. Qg5+ Rf6 48. Qa5+ Ke7 49. Nf5+ Kf7 50. Qxb4 Rxc1+ 51. Kxc1 Qe5 $11) 43. Qg7+ {[%mdl 1024] White has compensation.} Ke8 44. Qh8+ Kf7 45. Qh7+ Kf8 {The position is equal.} 46. Qh4 Rexf5 47. gxf5 Qxf5 {[%mdl 4096] Endgame KQR-KQR} 48. Qc4 Rf4 49. Qa6 {Threatens to win with Re1.} Qe5 $1 50. Rg1 Ke7 51. Qh6 Rf6 52. Qh4 Qf4 53. Re1+ Kd8 54. Qh8+ Kc7 55. Qa8 {aiming for Qa7+.} Qe5 $1 {[%cal Re5e1]} 56. Qa7+ (56. Rxe5 $2 Rf1+ 57. Re1 Rxe1#) 56... Kc8 {[%cal Re5e1]} 57. Qa8+ (57. Rxe5 $2 Rf1+ 58. Re1 Rxe1#) 57... Kc7 {[%cal Re5e1]} 58. Qa7+ (58. Rxe5 $2 {is a self mate.} Rf1+ 59. Re1 Rxe1#) 58... Kc8 {[%cal Re5e1]} 59. Rg1 {Intending Rg8+ and mate.} (59. Rxe5 $2 {leads to mate.} Rf1+ 60. Re1 Rxe1#) 59... Rg6 60. Qa8+ Kc7 $1 {[%cal Rg6g1]} 61. Qa7+ Kc8 62. Rd1 Rd6 {[%cal Rd6d1]} 63. Qa8+ Kc7 {[%cal Rd6d1]} 64. Qa7+ Kc8 {[%cal Rd6d1]} 65. Qa8+ Kc7 {[%cal Rd6d1]} 66. Qa7+ {Precision: White = 45%, Black = 61%.} 1/2-1/2

[Event "Czech Olympiad Nomination 2018"]
[Site "Prague"]
[Date "2018.05.29"]
[Round "5"]
[White "Krejci, Jan"]
[Black "Michalik, Peter"]
[Result "1/2-1/2"]
[WhiteElo "2582"]
[BlackElo "2560"]
[Annotator "TA"]
[PlyCount "46"]
[EventDate "2018.??.??"]
[EventType "tourn"]
[EventCountry "CZE"]
[SourceTitle "playchess.com"]
[Source "ChessBase"]
[SourceQuality "1"]

{[%evp 25,46,9,7,9,8,8,12,12,12,11,16,13,16,8,16,0,0,0,10,0,8,0,19]} 1. e4 e5 2. Nf3 Nc6 3. Bb5 Nf6 4. O-O Nxe4 5. Re1 Nd6 6. Nxe5 Be7 7. Bf1 Nxe5 8. Rxe5 O-O 9. Nc3 {[%cal Bb1c3,Bc3d5,Bd5e3][%mdl 32] C67: Ruy Lopez: Berlin Defence: 4 0-0 Nxe4} Ne8 10. Nd5 Bd6 11. Re1 c6 12. Ne3 Be7 13. c4 Nc7 {LiveBook: 33 Games. The position is equal.} 14. d4 d5 15. cxd5 Nxd5 16. Nxd5 cxd5 {[#]} 17. Bf4 $146 Be6 18. Qb3 Qd7 19. Bb5 Qd8 20. Bd3 Qd7 21. Bb5 Qd8 22. Bd3 Qd7 23. Bb5 Qd8 1/2-1/2